00533nam a2200157Ia 450000500170000000800410001708200130005810000160007124501060008726000390019330000120023265000130024494200060025795200970026399900150036020240607033928.0240331s9999 xx 000 0 und d bMOLa362 aMoldrich, D 0aSomewhere a child is crying :ba plea for the abolition of corporal punishment of children and adults aColombobCeylon Printers Ltdc1986 a201 p., aChildren cL 001040708LaWERCLbWERCLcSSCd2024-03-31l0o 362.76 MOLp268r2024-03-31w2024-03-31yL c2896d2896